[Event "Cesenatico op 5th"]
[Site "Cesenatico"]
[Date "2000.09.10"]
[Round "9"]
[White "Lagrotteria, Salvatore"]
[Black "Lucchi, Vinicio"]
[Result "1-0"]
[WhiteElo "2201"]
[BlackElo "2135"]
[PlyCount "79"]
[EventDate "2000.09.03"]
[EventType "swiss"]
[EventRounds "9"]
[EventCountry "ITA"]
[SourceTitle "CBM 078 Extra"]
[Source "ChessBase"]
[SourceDate "2000.11.10"]
[SourceVersion "1"]
[SourceVersionDate "2000.11.10"]
[SourceQuality "1"]

1. d4 Nf6 2. c4 e6 3. Nf3 Bb4+ 4. Bd2 Qe7 5. a3 Bxd2+ 6. Nbxd2 d6 7. e3 0-0 8. Qc2 e5 9. Bd3 g6 10. 0-0 Re8 11. dxe5 dxe5 12. Ne4 Nxe4 13. Bxe4 a5 14. b3 Na6 15. Nd2 Nc5 16. Qc3 a4 17. b4 Nxe4 18. Nxe4 Bf5 19. Ng3 Be6 20. f4 f5 21. e4 exf4 22. Rxf4 Rad8 23. exf5 Bxf5 24. Nxf5 gxf5 25. Rxf5 Qe3+ 26. Qxe3 Rxe3 27. h3 Rf8 28. Rg5+ Kh8 29. Ra5 Rf4 30. c5 Rd4 31. Rxa4 Rd2 32. Kh2 Ree2 33. Rg1 Ra2 34. Ra8+ Kg7 35. Ra7 Kg6 36. Rxb7 Rxa3 37. Rxc7 Rb3 38. Rb7 Rc2 39. Rb6+ Kg7 40. Ra1 1-0

[Event "Cesenatico op 5th"]
[Site "Cesenatico"]
[Date "2000.09.04"]
[Round "3"]
[White "Skembris, Spyridon"]
[Black "Lucchi, Vinicio"]
[Result "1/2-1/2"]
[WhiteElo "2475"]
[BlackElo "2135"]
[PlyCount "66"]
[EventDate "2000.09.03"]
[EventType "swiss"]
[EventRounds "9"]
[EventCountry "ITA"]
[SourceTitle "CBM 078 Extra"]
[Source "ChessBase"]
[SourceDate "2000.11.10"]
[SourceVersion "1"]
[SourceVersionDate "2000.11.10"]
[SourceQuality "1"]

1. d4 Nf6 2. c4 e6 3. Nf3 Bb4+ 4. Bd2 Qe7 5. Nc3 Bxc3 6. Bxc3 Ne4 7. Rc1 0-0 8. g3 d6 9. Bg2 Nxc3 10. Rxc3 Nc6 11. d5 Nb8 12. dxe6 fxe6 13. 0-0 Na6 14. Nd4 e5 15. Nb5 Rf6 16. f4 c6 17. fxe5 Rxf1+ 18. Bxf1 cxb5 19. cxb5 Nc5 20. exd6 Qe5 21. Qc1 b6 22. Bg2 Rb8 23. b4 Qd4+ 24. Qe3 Qd1+ 25. Kf2 Bh3 26. Qe5 Rf8+ 27. Rf3 Rxf3+ 28. Kxf3 Bxg2+ 29. Kxg2 Nd7 30. Qe6+ Kf8 31. Qe7+ Kg8 32. Qe6+ Kf8 33. Qe7+ Kg8 1/2-1/2